| 000 | 01435nam a2200361 c 4500 | ||
|---|---|---|---|
| 001 | 13585 | ||
| 003 | ES-MaCES | ||
| 005 | 20141221122244.0 | ||
| 008 | 020418s2001 sp do ||| | spa d | ||
| 020 | _a9981995525 | ||
| 035 | _aCES20020005724m | ||
| 040 |
_aES-MaCES _bspa _cES-MaCES |
||
| 041 | 0 |
_aspa _afre |
|
| 100 | 1 |
_aAlós-Moner, Ramón d' _96058 |
|
| 245 | 1 | 3 |
_aLa inversión industrial española en Marruecos _b: una aproximación desde las dos orillas del Mediterráneo = Les investissements industriels espagnols au Maroc : une approche depuis les deux rives de la Méditerranée _c[autores, Ramón Alós, Abdelkader Kaioua, Aomar Benbada] |
| 260 |
_aBarcelona _aCasablanca _bFons Català de Cooperatió al Desenvolupament _c2001 |
||
| 300 |
_a246, [2], 6 p. _bgráf., fot. col. _c24 cm |
||
| 500 | _aTexto en español y francés | ||
| 650 | 4 |
_ainversión industrial _929394 |
|
| 650 | 4 |
_ainversiones extranjeras _928175 |
|
| 650 | 4 |
_aempresa industrial _927632 |
|
| 650 | 4 |
_afomento de las inversiones _928144 |
|
| 650 | 4 |
_arelaciones comerciales _927965 |
|
| 650 | 4 |
_aEspaña _926964 |
|
| 650 | 4 |
_aMarruecos _926826 |
|
| 653 | 1 | 0 | _aComercio internacional |
| 700 | 1 |
_aKaioua, Abdelkader _915641 |
|
| 700 | 1 |
_aBenbada, Aomar _97492 |
|
| 710 | 2 |
_aFons Català de Cooperació al Desenvolupament _eed. _93641 |
|
| 902 | _aLIB Libro | ||
| 942 |
_2CES _cBK _h0.0. |
||
| 999 |
_c13585 _d13585 |
||